Quản lý nhân lực của doanh nghiệp /

保存先:
書誌詳細
第一著者: Đỗ Văn Phức. GS.TSKT
フォーマット: 図書
言語:Vietnamese
出版事項: Bách khoa 2007
タグ: タグ追加
タグなし, このレコードへの初めてのタグを付けませんか!
Thư viện lưu trữ: Mạng thư viện Đại học Đà Nẵng
LEADER 00641nam a2200265 4500
001 000027263
003 ĐÔ-PT
005 20150403120000.0
008 150403s vm 000 vie
020 |c 0,0000 
040 |a notts 
100 |a Đỗ Văn Phức. GS.TSKT 
245 |a Quản lý nhân lực của doanh nghiệp /  |c Đỗ VănPhức. 
260 |b Bách khoa  |c 2007 
OWN |a LTT 
999 |a From the UDN01 
TYP |a Monograph 
TYP |a Printed language 
980 |a Mạng thư viện Đại học Đà Nẵng